LEADER 00872naa a2200217 u 4500 001 000000093490 003 CaOOAMICUS 005 20070226130134.0 008 010705s1952 fr u000 u fre u 035 $a10896139 040 $aPUL(R)$bita 100 1 $aParadisi, Bruno,$d1909-2000.$0(OLS)http://pul/name/14903 245 12$aL'amitič internationale :$bles phases critiques de son ancienne histoire /$cpar Bruno Paradisi. 260 $a[S. l. :$bs. n.],$c1952. 300 $aP. [325-378] 504 $aBibliografia in nota. 650 4$aDiritto internazionale$xStoria.$0(OLS)http://pul/subject/14851 773 0 $tRecueil des cours$gv.I (1951) 773 0 $tRecueil des cours 1951$w()59826 996 $6245$aL'amitič internationale :$bles phases critiques de son ancienne histoire$9(OLS)http://pul/title/120353 996 $6260$a[S. l. :$bs. n.]$9(OLS)http://pul/publisher/47882 LEADER 01599namaa2200373 i 4500 001 000000177616 003 CaOOAMICUS 005 20250320164615.0 007 tu 008 250320s2024 it 000 u ita r 020 $a978-88-549-5725-1* 040 $aPUL$bita$erda 082 0 $a172.42 100 1 $aFabriziani, Anna Vittoria,$eautore.$0(OLS)http://pul/name/40686 245 10$aLotta per la civiltą e filosofia della pace (1939) :$buna coraggiosa indagine di Maurice Blondel /$cAnna Vittoria Fabriziani. 250 $aPrima edizione 2024. 264 4$c©2024. 264 1$aPadova :$bCLEUP,$c[2024] 300 $a90 pagine ;$c19 cm 336 $atesto$btxt$2rdacontent 337 $asenza mediazione$bn$2rdamedia 338 $avolume$bnc$2rdacarrier 504 $aBibliografia in nota a pič pagina. 600 14$aBlondel, Maurice,$d1861-1949$xPensiero politico e sociale.$0(OLS)http://pul/subject/35214 650 4$aEtica politica.$0(OLS)http://pul/subject/17437 850 $aPUL 852 $aPUL$W1$xSL Filosofia 3$y81$m172. 42 FABAN 1$j201569$qDDC 21$B206591$CPULBib$Z2$F206591 $H137704 $82 941 1 $a9 996 $6020$a978-88-549-5725-1*$9(OLS)http://pul/number/170271 996 $6082$a172.42$9(OLS)http://pul/classification/3266 996 $6245$aLotta per la civiltą e filosofia della pace (1939) :$buna coraggiosa indagine di Maurice Blondel$9(OLS)http://pul/title/219159 996 $6264$aPadova :$bCLEUP$9(OLS)http://pul/publisher/63995 996 $6264$a[S.l.] :$b[s.n.]$9(OLS)http://pul/publisher/0